| Tag |
First Indicator |
Second Indicator |
Subfields |
| LEADER |
00000cam a22000001a 4500 |
| 001 |
in00002801821 |
| 005 |
20190331180948.0 |
| 006 |
m o d |
| 007 |
cr bn mmmapmmp |
| 008 |
091225s1905 dcud o f000 0 eng d |
| 035 |
|
|
|a cis2004330756
|
| 040 |
|
|
|a UMI
|c UMI
|d UtOrBLW
|
| 043 |
|
|
|a n-us---
|
| 086 |
0 |
|
|a SI 2.1:903
|
| 099 |
|
|
|a ProQuest Serial Set Number 5054 H.doc.939
|
| 110 |
2 |
|
|a Smithsonian Institution.
|
| 245 |
1 |
0 |
|a Twenty-fourth Annual Report of the Bureau of American Ethnology to the Secretary of the Smithsonian Institution 1902-1903.
|
| 246 |
1 |
|
|a Annual report of Bureau of Ethnology, 1903: Report of Director, and paper on games of North American Indians
|
| 264 |
|
1 |
|a Washington :
|b [publisher not identified],
|c 1905.
|
| 300 |
|
|
|a 1 online resource.
|
| 336 |
|
|
|a text
|b txt
|2 rdacontent
|
| 337 |
|
|
|a computer
|b c
|2 rdamedia
|
| 338 |
|
|
|a online resource
|b cr
|2 rdacarrier
|
| 490 |
0 |
|
|a H.doc.939
|
| 500 |
|
|
|a Record is based on bibliographic data in ProQuest U.S. Serial Set Digital Collection (last viewed Dec. 2009). Reuse except for individual research requires license from ProQuest, LLC.
|
| 510 |
3 |
|
|a ProQuest U.S. Serial Set Digital Collection
|
| 500 |
|
|
|a Electronic resource.
|
| 650 |
|
0 |
|a Cotton.
|
| 650 |
|
0 |
|a Dakota Indians.
|
| 650 |
|
0 |
|a Government publications.
|
| 655 |
|
7 |
|a Electronic books.
|2 local
|
| 710 |
2 |
|
|a ProQuest (Firm)
|
| 830 |
|
0 |
|a United States congressional serial set.
|
| 856 |
4 |
0 |
|u http://proxy.library.tamu.edu/login?url=http://congressional.proquest.com/congcomp/getdoc?SERIAL-SET-ID=5054+H.doc.939
|z Connect to the full text of this electronic book
|t 0
|
| 999 |
|
|
|a MARS
|
| 999 |
f |
f |
|s 9ef5f5f7-4e20-3e9a-90d1-23871472cdff
|i 6ebf28b9-72dc-37bd-92a7-986a0fbb5ccb
|t 0
|
| 952 |
f |
f |
|a Texas A&M University
|b College Station
|c Electronic Resources
|d Available Online
|t 0
|e ProQuest Serial Set Number 5054 H.doc.939
|h Other scheme
|
| 998 |
f |
f |
|a ProQuest Serial Set Number 5054 H.doc.939
|t 0
|l Available Online
|